000 00717nam a2200205 a 4500
001 78164
003 BD-RjUL
005 20211209083109.0
008 210403b ||||| |||| 00| 0 eng d
035 _a(BD-RjUL)78390
040 _aBD-RjUL
_beng
_cBD-RjUL
041 _aara
082 _21st.ed.
_a340.59
_bRAT 2002
100 _aالرحمن, محمد محبوب ;; Rahman, Muhammad Mahboob
_9246737
245 _aالتشريع الاسلامي وعاقبة المجرمين
_c محمد محبوب الرحمن ;; Muhammad Mahboob Rahman
260 _a راجشاهي:
_bالمكتبة الشافية,
_c2002
300 _a224 p. ;
_c24 cm
650 _aPunishment (Islamic law)
_9246738
942 _2ddc
_cBK
999 _c78164
_d78164